00641nmm a2200169Ia 4500008004100000020001800041041000800059100003600067245017900103264006000282300001700342490002900359650000800388856005100396942000700447999001700454251105s9999||||xx |||||||||||||||||und|| a9789587386370 aspa aMercado Gazabón, Ana Carolina 0aLa influencia de León Duguit en la reforma social de 1936 en Colombia : El sistema jurídico, la función social de la propiedad y la teoría de los servicios públicos a[Bogotá, Colombia] :bUniversidad del Rosario, c2015 a94 páginas aTextos de Jurisprudencia aLaw uhttps://public.digitaliapublishing.com/a/46531 cCF c95835d95835